| 000 | 01505nam a22002657a 4500 | ||
|---|---|---|---|
| 003 | Uzh_bibl | ||
| 008 | 260324b |||||||| |||| 00| 0 ukr d | ||
| 020 |
_a978-966-548-798-2 _c14,40 |
||
| 040 | _bукр. | ||
| 041 |
_2ukr _aukr |
||
| 080 | _a37 | ||
| 090 |
_a37 _bЗ-13 |
||
| 100 | _aЗав'язкін Олег | ||
| 245 |
_aКалейдоскоп цікавих знань _bКнижка для домашнього навчання _cХудож. Далбуз Анна _hТекст |
||
| 260 |
_aДонецьк _b"Бао" _c2008 |
||
| 300 |
_a576 с. _bіл. _fВ опр. |
||
| 520 | _aСвіт цікавого не має меж. На кожному кроці на допитливу дитину чекає таємниця, яка вимагає розкриття. "Калейдоскоп цікавих знань". Д нього ввійшли пізнавальні матеріали відразу з чотирьох важливих наук: історії, географії, природознавства, граматики української мови. | ||
| 521 | _aДля широкого кола читачів | ||
| 546 | _aукр. | ||
| 650 | _xПосібник для учнів | ||
| 653 |
_aЩо вивчає історія _aісторичні анекдоти _aВидатні історики античного світу |
||
| 655 |
_aДовідкова література _vПосібник |
||
| 700 | _aХаткіна Марія | ||
| 942 |
_2udc _cBK |
||
| 999 |
_c17165 _d17165 |
||